[Event "Ambelokipi op 171st"]
[Site "Athens"]
[Date "2019.02.20"]
[Round "6"]
[White "Merkos, Thomas"]
[Black "Ignatiadis, Konstantinos"]
[Result "1/2-1/2"]
[WhiteElo "1529"]
[BlackElo "2053"]
[PlyCount "83"]
[EventDate "2019.01.16"]
[EventType "swiss"]
[EventRounds "7"]
[EventCountry "GRE"]
[SourceTitle "EXT 2020"]
[Source "ChessBase"]
[SourceDate "2019.10.17"]
[SourceVersion "1"]
[SourceVersionDate "2019.10.17"]
[SourceQuality "1"]

1. e4 c6 2. d4 d5 3. Nc3 g6 4. Nf3 Bg7 5. Be3 Bg4 6. h3 Bxf3 7. gxf3 e6 8. Be2 Ne7 9. Qd2 Nd7 10. h4 h5 11. 0-0-0 a6 12. f4 b5 13. a3 Nb6 14. f3 a5 15. Rdg1 Qd6 16. Nb1 Bf8 17. Bd3 Nc4 18. Bxc4 dxc4 19. c3 f5 20. Qe2 0-0-0 21. Nd2 Bh6 22. Kc2 a4 23. e5 Qd5 24. Rd1 Rhg8 25. Nf1 Kb7 26. Rg1 Qd7 27. Ng3 Nd5 28. Qd2 Qe7 29. Rh1 Rc8 30. Ne2 Qf7 31. Bf2 Bf8 32. Ng3 Be7 33. Ne2 Qf8 34. Rde1 Qd8 35. Reg1 Qf8 36. Re1 Rd8 37. Ra1 Rd7 38. Rad1 Qh6 39. Qc1 Qf8 40. Rdg1 Bd8 41. Rd1 Bb6 42. Rh2 1/2-1/2

[Event "GRE-ch U12"]
[Site "Rio Achaia"]
[Date "2018.07.09"]
[Round "9"]
[White "Kalogridis, Antonios"]
[Black "Merkos, Thomas"]
[Result "1-0"]
[WhiteElo "1716"]
[BlackElo "1425"]
[PlyCount "119"]
[EventDate "2018.07.03"]
[EventType "swiss"]
[EventRounds "9"]
[EventCountry "GRE"]
[SourceTitle "EXT 2019"]
[Source "ChessBase"]
[SourceDate "2018.10.10"]
[SourceVersion "1"]
[SourceVersionDate "2018.10.10"]
[SourceQuality "1"]

1. d4 Nf6 2. c4 e6 3. Nc3 Bb4 4. Qc2 0-0 5. a3 Bxc3+ 6. Qxc3 Ne4 7. Qc2 f5 8. e3 b6 9. Ne2 Bb7 10. f3 Nf6 11. Nc3 d6 12. Bd3 Nbd7 13. 0-0 c5 14. Re1 d5 15. cxd5 Nxd5 16. Nxd5 Bxd5 17. e4 fxe4 18. fxe4 Bb7 19. Be3 cxd4 20. Bxd4 e5 21. Bc3 Qc7 22. Bb4 Qxc2 23. Bxc2 Nc5 24. Bc3 Rfe8 25. b4 Nd7 26. Re3 Nf6 27. Rf1 b5 28. Rf5 Rac8 29. Rff3 Kh8 30. h3 Rc4 31. Rf5 Nxe4 32. Bxe4 Rxe4 33. Rxe4 Bxe4 34. Rf7 Kg8 35. Rxa7 Ra8 36. Rc7 Rxa3 37. Bxe5 g6 38. Rg7+ Kf8 39. Rxh7 Rb3 40. Rh4 Bd5 41. Kf2 Kf7 42. Rg4 Bc4 43. Bd6 Rb2+ 44. Ke3 Bd5 45. g3 Be6 46. Rf4+ Kg8 47. h4 Rb3+ 48. Kf2 Rb2+ 49. Ke1 Bc4 50. Rf8+ Kg7 51. Rf4 Kg8 52. Kd1 Be2+ 53. Kc1 Ra2 54. g4 Ra3 55. Kd2 Bc4 56. Rd4 Rh3 57. g5 Ra3 58. Be5 Rb3 59. Rd6 Bf7 60. Rd8+ 1-0

[Event "GRE-ch U12"]
[Site "Rio Achaia"]
[Date "2018.07.08"]
[Round "8"]
[White "Merkos, Thomas"]
[Black "Makridis, Dimitrios"]
[Result "1-0"]
[WhiteElo "1425"]
[BlackElo "1565"]
[PlyCount "137"]
[EventDate "2018.07.03"]
[EventType "swiss"]
[EventRounds "9"]
[EventCountry "GRE"]
[SourceTitle "EXT 2019"]
[Source "ChessBase"]
[SourceDate "2018.10.10"]
[SourceVersion "1"]
[SourceVersionDate "2018.10.10"]
[SourceQuality "1"]

1. e4 c5 2. Nf3 e6 3. d4 cxd4 4. Nxd4 a6 5. Bd3 Nf6 6. 0-0 Qc7 7. Qe2 d6 8. f4 Nbd7 9. c4 b6 10. b3 Bb7 11. Nc3 Nc5 12. Bc2 Rd8 13. Bb2 g6 14. Rad1 Bg7 15. b4 Ncd7 16. f5 e5 17. Nb3 0-0 18. g4 b5 19. cxb5 axb5 20. g5 Nh5 21. f6 Bh8 22. Nxb5 Qb6+ 23. Kh1 Ba6 24. Bd3 Bxb5 25. Bxb5 Nf4 26. Rxf4 exf4 27. Bd4 f3 28. Qf1 Qb7 29. Re1 Ne5 30. Na5 Qa8 31. Bxe5 dxe5 32. Nc6 h6 33. Ne7+ Kh7 34. Qxf3 Rd2 35. Bc4 Qa7 36. Qe3 Qd4 37. a3 Rd1 38. Qxd4 Rxe1+ 39. Qg1 Rxg1+ 40. Kxg1 hxg5 41. Nd5 Rc8 42. Bb5 Kh6 43. a4 Kh5 44. a5 Kg4 45. Be2+ Kh3 46. a6 Rc1+ 47. Kf2 Kxh2 48. b5 Ra1 49. b6 g4 50. Bxg4 Rxa6 51. Bc8 Ra2+ 52. Ke3 Kg3 53. b7 Rb2 54. Kd3 g5 55. Kc3 Rb1 56. Nb4 Rc1+ 57. Kd2 Rf1 58. b8Q Bxf6 59. Nd5 Bg7 60. Ba6 Rf2+ 61. Be2 g4 62. Qg8 Bh6+ 63. Kd1 Bf4 64. Qxg4+ Kh2 65. Qh4+ Kg2 66. Ke1 Bg3 67. Ne3+ Kg1 68. Qxg3+ Kh1 69. Kxf2 1-0

[Event "GRE-ch U12"]
[Site "Rio Achaia"]
[Date "2018.07.06"]
[Round "5"]
[White "Tzikas, Athanasios G"]
[Black "Merkos, Thomas"]
[Result "0-1"]
[WhiteElo "1251"]
[BlackElo "1425"]
[PlyCount "52"]
[EventDate "2018.07.03"]
[EventType "swiss"]
[EventRounds "9"]
[EventCountry "GRE"]
[SourceTitle "EXT 2019"]
[Source "ChessBase"]
[SourceDate "2018.10.10"]
[SourceVersion "1"]
[SourceVersionDate "2018.10.10"]
[SourceQuality "1"]

1. e4 c5 2. Nf3 e6 3. d4 cxd4 4. Nxd4 Nc6 5. Be2 a6 6. 0-0 Qc7 7. Be3 Nf6 8. Nc3 b5 9. a3 Bb7 10. f4 d6 11. Bd3 Be7 12. Qf3 Rc8 13. Qg3 h5 14. f5 Nxd4 15. Bxd4 e5 16. Be3 Ng4 17. Bd2 d5 18. h3 Bc5+ 19. Kh1 Qb6 20. Qh4 Bf2 21. Qg5 Rh7 22. f6 Qxf6 23. Qxf6 gxf6 24. exd5 Rh8 25. g3 Rxc3 26. hxg4 Bxd5+ 0-1